Minutes of the Evangelical Lutheran Synod of South Carolina, St. Paul's, Newberry District, S.C., Jan. 16-20, 1862.

Bibliographic Details
Corporate Author: Evangelical Lutheran Synod and Ministerium of South Carolina and Adjacent States
Format: Microform Book
Language:English
Published: Columbia, S.C. : Steam Power Press of R.W. Gibbes, 1862.
Series:Confederate imprints, 1861-1865 ; reel 130, no. 4450.
Subjects:

MARC

Tag First Indicator Second Indicator Subfields
LEADER 00000cam a2200000 a 4500
001 in00001190321
005 20151002064721.0
007 hd afv---baca
008 910729s1862 scu a 000 0 eng d
035 |a (OCoLC)24145230 
035 |9 AGJ9484AM 
040 |a FEI  |c FEI  |d UtOrBLW 
043 |a n-usu--  |a n-us---  |a n-us-sc 
049 |a TXAI 
090 |a E487  |b .C66 1974 reel 130 no. 4450 
099 |a Film   |a  B 1664  |a reel 130, no. 4450. 
110 2 |a Evangelical Lutheran Synod and Ministerium of South Carolina and Adjacent States. 
245 1 0 |a Minutes of the Evangelical Lutheran Synod of South Carolina, St. Paul's, Newberry District, S.C., Jan. 16-20, 1862. 
264 1 |a Columbia, S.C. :  |b Steam Power Press of R.W. Gibbes,  |c 1862. 
300 |a 44 pages ;  |c 23 cm. 
336 |a text  |b txt  |2 rdacontent 
337 |a microform  |b h  |2 rdamedia 
338 |a microfilm reel  |b hd  |2 rdacarrier 
500 |a Filmed from the holdings of the Boston Athenaeum. 
533 |a Microfilm.  |b New Haven, Conn. :  |c Research Publications,  |d [1974].  |e On reel 130 of 143 microfilm reels ; 35 mm.  |f (Confederate imprints, 1861-1865 ; reel 130, no. 4450). 
539 |a s  |b 1974  |d ctu  |e n 
500 |a Microform. 
610 2 0 |a Evangelical Lutheran Synod and Ministerium of South Carolina and Adjacent States. 
651 0 |a Confederate States of America  |x Religion. 
651 0 |a United States  |x History  |y Civil War, 1861-1865  |x Religious aspects. 
830 0 |a Confederate imprints, 1861-1865 ;  |v reel 130, no. 4450. 
999 |a MARS 
999 f f |s 8a1f96dc-f6df-307c-af0c-e6648244b911  |i a7084b71-d4b5-3159-82ab-3332d8c3a1e3  |t 0 
952 f f |p default  |a Texas A&M University  |b College Station  |c Sterling C. Evans Library  |d Evans: Microforms (3rd floor)  |t 0  |e Film B 1664 reel 130, no. 4450.  |h Other scheme  |i microform -- microfilm reel 
998 f f |a Film B 1664 reel 130, no. 4450.  |t 0  |l Evans: Microforms (3rd floor)